000 00684nac a22002417a 4500
001 BR6005241
003 BR-BrBNA
005 20240105113122.0
008 230509b bl.|||m| |||| 00| 0 por d
040 _aBR-BrBNA
_bpor
_cBiblioteca Nacional de Agricultura
072 _aF01
090 _a0195 BR6005241
100 1 _aCuba, P.
110 1 _aInstituto Agronomico, Campinas, SP (Brasil)
245 1 _aSorgho vassoura
260 3 _aCampinas, SP (Brasil):
_c1935.
300 _a9 p.
490 _aBoletim - Instituto Agronomico (Brazil)
_vno. 4
_x
650 _aSORGO
650 _aPRATICA CULTURAL
909 _a202312
_bLúcia Elande
_c55
_dLúcia Elande
942 _2AGRIS
_n0
_cMS
999 _c261991
_d261991